000
00229nam a2200097Ia 4500
005
20251222114358.0
008
251222s1900||||xx |||||||||||||| ||spa||
082
_a
DVD0080/E11C/2006
245
0
_a
La conquista del honor:
942
_c
DVD
999
_c
1513
_d
1513